| 000 | 02130cam a22002775a 4500 | ||
|---|---|---|---|
| 001 | L159456 | ||
| 008 | 081001s2014 xxkade f u 000 0 eng d | ||
| 020 | _a9781315755120 | ||
| 035 | _a(Sirsi) u159456 | ||
| 041 | 0 | _aeng | |
| 050 | 0 | 4 | _a692.2 $2 18 |
| 100 | 1 | _aPolley, Simon | |
| 245 | 0 | 0 |
_aUnderstanding the building regulations _h[electronic resource] |
| 250 | _a6th ed. | ||
| 260 |
_bRoutledge _c2014 |
||
| 300 | _aeBook | ||
| 505 | _a1 The Building Regulations 2010 -- 2 Approved Document to support Regulation 7: Materials and workmanship -- 3 Approved Document A: Structure -- 4 Approved Document B: Fire safety -- 5 Approved Document C: Site preparation and resistance to contaminants and moisture -- 6 Approved Document D: Toxic substances -- 7 Approved Document E: Resistance to the passage of sound -- 8 Approved Document F: Ventilation -- 9 Approved Document G: Sanitation, hot water safety and water efficiency -- 10 Approved Document H: Drainage and waste disposal -- 11 Approved Document J: Combustion appliances and fuel storage systems -- 12 Approved Document K: Protection from falling, collision and impact -- 13 Approved Document L: Conservation of fuel and power -- 14 Approved Document M: Access to and use of buildings -- 15 Approved Document N: Glazing ? safety in relation to impact, opening and cleaning -- 16 Approved Document P: Electrical safety | ||
| 520 | _aThis is a concise, jargon-free and compact guide to the UK building regulations. The author boils down the regulations to their basic features, explaining the core principles behind them. Easy to read and light enough to carry around with you, this is the ideal introduction to a vital part of your remit as a building control officer, architect or surveyor. Updated with the extensive 2013 changes, and illustrated with cartoons and diagrams. | ||
| 521 | _aAdvanced | ||
| 650 | 2 | 4 | _aBUILDING REGULATIONS 2010 |
| 650 | 2 | 4 | _aEBOOK |
| 651 | 4 |
_aUnited Kingdom _y |
|
| 690 |
_aBuilding regulations _96224 |
||
| 856 | 4 | 8 |
_uhttps://www.vlebooks.com/ _zView on VLEbooks. Logins for members only from [email protected] |
| 942 | _n0 | ||
| 999 |
_c115916 _d115916 |
||